[Event "España ch sub-14 2012"]
[Site "Salobreña ESP"]
[Date "2012.07.11"]
[Round "5.20"]
[White "Mandado Castelany, Marco"]
[Black "Alonso Gonzalez, Miguel"]
[Result "1/2-1/2"]
[WhiteElo "1634"]
[BlackElo "1813"]
[PlyCount "67"]
[EventDate "2012.07.09"]
[EventType "swiss"]
[EventRounds "9"]
[EventCountry "ESP"]
[Source "lmi"]
[SourceDate "2012.07.09"]

1. d4 Nf6 2. c4 c5 3. d5 d6 4. Nc3 g6 5. Nf3 Bg7 6. e4 e6 7. Bd3 exd5 8. exd5
O-O 9. O-O Na6 10. a3 Nc7 11. Bg5 h6 12. Bh4 Qd7 13. Rc1 a6 14. Qc2 b5 15. b3
Rb8 16. Rfe1 Bb7 17. Qd2 Kh7 18. Bxf6 Bxf6 19. Ne4 Be7 20. Qf4 Kg7 21. h4 Ne8
22. h5 Bc8 23. Ng3 Bf6 24. Re4 bxc4 25. bxc4 Rb3 26. Bc2 Rxa3 27. Rce1 Ra1 28.
Rxa1 Bxa1 29. Qc1 Bf6 30. Qb1 Rg8 31. hxg6 fxg6 32. Ne2 Qf7 33. Ng3 Qf8 34. Rg4
1/2-1/2

[Event "España ch sub-14 2012"]
[Site "Salobreña ESP"]
[Date "2012.07.11"]
[Round "5.21"]
[White "Goni Navarro, Pablo"]
[Black "Martin Carmona, Gaston Manuel"]
[Result "1-0"]
[WhiteElo "1666"]
[BlackElo "1810"]
[PlyCount "109"]
[EventDate "2012.07.09"]
[EventType "swiss"]
[EventRounds "9"]
[EventCountry "ESP"]
[Source "lmi"]
[SourceDate "2012.07.09"]

1. e4 e6 2. d4 d5 3. Nd2 dxe4 4. Nxe4 Nd7 5. Nf3 Ngf6 6. Nxf6+ Nxf6 7. Bf4 Be7
8. Bc4 c5 9. dxc5 Qxd1+ 10. Rxd1 Bxc5 11. Bg5 Be7 12. Bb5+ Nd7 13. Bf4 a6 14.
Bxd7+ Bxd7 15. Ne5 Rd8 16. O-O f6 17. Nc4 e5 18. Be3 Bb5 19. Rxd8+ Kxd8 20.
Rd1+ Kc7 21. Nb6 Bc6 22. Nd5+ Bxd5 23. Rxd5 Rd8 24. Rxd8 Kxd8 25. Kf1 Kd7 26.
Ke2 Kc6 27. Kd3 Kd5 28. c4+ Ke6 29. Bd2 Bc5 30. f3 f5 31. b4 Be7 32. a4 a5 33.
b5 b6 34. Be3 Bd8 35. c5 bxc5 36. Kc4 Kd6 37. Bxc5+ Kc7 38. Kd5 Kd7 39. Kxe5
Bc7+ 40. Kxf5 Bd8 41. Ke4 Bc7 42. f4 Bd8 43. g4 Bc7 44. h3 Bd8 45. f5 Bf6 46.
Kd5 Bd8 47. Bd4 g6 48. f6 h5 49. g5 Bc7 50. Be5 Bd8 51. h4 Bb6 52. Bd4 Bd8 53.
Bc5 Ke8 54. Ke6 Be7 55. f7+ 1-0

[Event "España ch sub-14 2012"]
[Site "Salobreña ESP"]
[Date "2012.07.11"]
[Round "5.22"]
[White "Fernandez Mira, Alonso"]
[Black "Lopez Rivera, Jesus"]
[Result "0-1"]
[WhiteElo "1626"]
[BlackElo "1800"]
[PlyCount "68"]
[EventDate "2012.07.09"]
[EventType "swiss"]
[EventRounds "9"]
[EventCountry "ESP"]
[Source "lmi"]
[SourceDate "2012.07.09"]

1. d4 Nf6 2. c4 g6 3. Nc3 Bg7 4. Nf3 O-O 5. h3 d6 6. Bf4 Nbd7 7. e3 Re8 8. Bh2
c6 9. Be2 Qa5 10. a3 Ne4 11. Qc2 Nxc3 12. bxc3 e5 13. O-O f5 14. Qb3 c5 15.
Rfe1 b6 16. Rad1 Re7 17. Nd2 Bb7 18. Bf3 Bxf3 19. Nxf3 Rae8 20. Kf1 Nf8 21. Bg3
h6 22. h4 Re6 23. Bh2 Bf6 24. Bg3 g5 25. hxg5 hxg5 26. d5 R6e7 27. e4 f4 28.
Bh2 g4 29. Nd2 Rh7 30. Kg1 Ng6 31. Nb1 Kg7 32. Bxf4 Nxf4 33. Qb5 Qxb5 34. cxb5
Reh8 0-1

[Event "España ch sub-14 2012"]
[Site "Salobreña ESP"]
[Date "2012.07.11"]
[Round "5.23"]
[White "Gallardo Obregon, Alexandra"]
[Black "Gonzalez Capacete, Jose Miguel"]
[Result "0-1"]
[WhiteElo "1527"]
[BlackElo "1781"]
[PlyCount "43"]
[EventDate "2012.07.09"]
[EventType "swiss"]
[EventRounds "9"]
[EventCountry "ESP"]
[Source "lmi"]
[SourceDate "2012.07.09"]

1. e4 a6 2. Nc3 b5 3. f4 Bb7 4. d3 e6 5. Nf3 c5 6. Qe2 d6 7. Be3 Nf6 8. g3 Be7
9. Bg2 O-O 10. O-O d5 11. e5 Nfd7 12. d4 cxd4 13. Bxd4 Nc6 14. Kh1 Nxd4 15.
Nxd4 Bc5 16. Qd2 Qb6 17. Nce2 f6 18. exf6 Nxf6 19. b4 Be7 20. Bh3 Ne4 21. Bxe6+
Qxe6 22. Qd1 0-1

[Event "España ch sub-14 2012"]
[Site "Salobreña ESP"]
[Date "2012.07.11"]
[Round "5.24"]
[White "Alfaya Marcelo, Roberto"]
[Black "Centron Antuna, Daniel"]
[Result "1/2-1/2"]
[WhiteElo "1743"]
[BlackElo "1655"]
[PlyCount "106"]
[EventDate "2012.07.09"]
[EventType "swiss"]
[EventRounds "9"]
[EventCountry "ESP"]
[Source "lmi"]
[SourceDate "2012.07.09"]

1. e4 c5 2. Nf3 Nc6 3. d4 cxd4 4. Nxd4 e5 5. Nb5 a6 6. Nd6+ Bxd6 7. Qxd6 Qf6 8.
Qd1 Qg6 9. Nc3 Nge7 10. Be3 d5 11. Nxd5 Nxd5 12. Qxd5 Be6 13. Qd2 Qxe4 14. f3
Qh4+ 15. Bf2 Qe7 16. Bd3 O-O 17. O-O Rfd8 18. Qe2 f6 19. c3 Qf7 20. Rfd1 Rac8
21. b3 Ne7 22. c4 Nf5 23. Bxf5 Bxf5 24. Bb6 Rd7 25. Rxd7 Bxd7 26. Rd1 Qe6 27.
Bf2 Qe7 28. Qd2 Bc6 29. Qd6 Rc7 30. Qxe7 Rxe7 31. Bc5 Rd7 32. Rxd7 Bxd7 33. Kf2
Bf5 34. b4 Bb1 35. a4 Ba2 36. a5 Bxc4 37. h4 Kf7 38. Ke3 Ke6 39. f4 exf4+ 40.
Kxf4 g6 41. g4 Bd3 42. g5 f5 43. Bf2 Kd5 44. Be1 Bb5 45. Bd2 Kd4 46. Be1 Bc6
47. h5 gxh5 48. Kxf5 Be4+ 49. Kf4 Bg6 50. Kg3 Ke4 51. Kh4 Kf4 52. Bg3+ Kf3 53.
Bd6 Ke4 1/2-1/2

[Event "España ch sub-14 2012"]
[Site "Salobreña ESP"]
[Date "2012.07.12"]
[Round "6.1"]
[White "Suarez Gomez, Julio"]
[Black "Bas Mas, Miguel"]
[Result "0-1"]
[WhiteElo "2026"]
[BlackElo "1927"]
[PlyCount "68"]
[EventDate "2012.07.09"]
[EventType "swiss"]
[EventRounds "9"]
[EventCountry "ESP"]
[Source "lmi"]
[SourceDate "2012.07.09"]

1. e4 c5 2. d3 e6 3. g3 Nc6 4. Bg2 g6 5. f4 Bg7 6. Nf3 Nge7 7. c3 O-O 8. Be3 b6
9. O-O d5 10. Bf2 dxe4 11. dxe4 e5 12. Na3 Ba6 13. Re1 Qb8 14. Be3 Rd8 15. Qc1
Nc8 16. f5 f6 17. Bh6 Nd6 18. fxg6 hxg6 19. Bxg7 Kxg7 20. Qe3 Nc4 21. Nxc4 Bxc4
22. g4 Qd6 23. g5 Qe7 24. h4 fxg5 25. hxg5 Rf8 26. b3 Be6 27. Rad1 Bg4 28. Rf1
Rf4 29. Rd5 Bxf3 30. Rxf3 Qxg5 31. Rxe5 Nxe5 32. Rxf4 Rd8 33. Qc1 Nf3+ 34. Kf1
Nd2+ 0-1

[Event "España ch sub-14 2012"]
[Site "Salobreña ESP"]
[Date "2012.07.12"]
[Round "6.2"]
[White "Guerra Arrocha, Daniel"]
[Black "Aguila Hernandez, Eduardo"]
[Result "1-0"]
[WhiteElo "1825"]
[BlackElo "1893"]
[PlyCount "81"]
[EventDate "2012.07.09"]
[EventType "swiss"]
[EventRounds "9"]
[EventCountry "ESP"]
[Source "lmi"]
[SourceDate "2012.07.09"]

1. e4 c5 2. Nf3 e6 3. d4 cxd4 4. Nxd4 a6 5. c4 Qc7 6. Be3 Nf6 7. Nc3 b6 8. Be2
Bb7 9. f3 d6 10. O-O h5 11. a4 Nbd7 12. a5 Rc8 13. Qb3 bxa5 14. Qa4 Be7 15. Nb3
Bd8 16. Rfd1 Qc6 17. Qa3 Nc5 18. e5 Nxb3 19. Rxd6 Nxa1 20. Rxc6 Bxc6 21. Qxa1
Nd7 22. f4 f6 23. exf6 gxf6 24. Qd1 Ke7 25. c5 Bc7 26. Bxh5 Rcg8 27. Bf3 Bxf3
28. Qxf3 Rc8 29. Ne2 Bd8 30. Qg4 Rf8 31. Bd4 Rf7 32. Qh5 Rg7 33. Nc3 Bc7 34. c6
Nb8 35. Ne4 e5 36. Bc5+ Ke6 37. f5+ Kd5 38. Qf3 Kc4 39. Bf2 Nxc6 40. Qc3+ Kb5
41. Qc5+ 1-0

[Event "España ch sub-14 2012"]
[Site "Salobreña ESP"]
[Date "2012.07.12"]
[Round "6.3"]
[White "Ucles Lirola, Moises"]
[Black "Bru Rullo, Llatzer"]
[Result "1-0"]
[WhiteElo "1821"]
[BlackElo "2051"]
[PlyCount "83"]
[EventDate "2012.07.09"]
[EventType "swiss"]
[EventRounds "9"]
[EventCountry "ESP"]
[Source "lmi"]
[SourceDate "2012.07.09"]

1. Nf3 Nf6 2. d3 e6 3. g3 b6 4. Bg2 Bb7 5. O-O Be7 6. e4 d5 7. e5 Nfd7 8. Re1
c5 9. Nbd2 Nc6 10. Nf1 Qc7 11. Qe2 h6 12. h4 O-O-O 13. c3 Rdg8 14. d4 g5 15.
hxg5 hxg5 16. Be3 Qd8 17. N3h2 c4 18. b4 Rg6 19. Ng4 Rh7 20. f3 Qh8 21. Kf2 f5
22. exf6 Nxf6 23. Nxf6 Bxf6 24. Qd2 e5 25. Rad1 Qf8 26. b5 exd4 27. bxc6 dxe3+
28. Nxe3 Bxc6 29. Nxd5 Rd7 30. Qc2 Rh6 31. Nxf6 Rxf6 32. Rxd7 Bxd7 33. Qe4 Qc5+
34. Qe3 Qa3 35. Re2 Re6 36. Qd2 Rxe2+ 37. Kxe2 Bf5 38. Kf2 Bb1 39. Bh3+ Kb7 40.
Qd5+ Kb8 41. Qd8+ Kb7 42. Qc8# 1-0

[Event "España ch sub-14 2012"]
[Site "Salobreña ESP"]
[Date "2012.07.12"]
[Round "6.4"]
[White "Ventura Bolet, Alexandre"]
[Black "Domingo Nunez, Alejandro"]
[Result "1/2-1/2"]
[WhiteElo "1925"]
[BlackElo "1883"]
[PlyCount "64"]
[EventDate "2012.07.09"]
[EventType "swiss"]
[EventRounds "9"]
[EventCountry "ESP"]
[Source "lmi"]
[SourceDate "2012.07.09"]

1. e4 c5 2. d4 cxd4 3. Nf3 d6 4. Nxd4 Nf6 5. Nc3 g6 6. Bc4 Bg7 7. O-O O-O 8.
Re1 Nbd7 9. Nb3 Ne5 10. Bf1 b6 11. Nd5 Bb7 12. Bg5 Ned7 13. c3 e6 14. Nxf6+
Nxf6 15. a4 Qc7 16. Bxf6 Bxf6 17. a5 d5 18. a6 Bc6 19. exd5 Bxd5 20. Nd4 Rfd8
21. Nb5 Qc5 22. Qg4 Bc6 23. Na3 Rd2 24. Re2 Rad8 25. Qc4 Qxc4 26. Nxc4 Rxe2 27.
Bxe2 Bb5 28. Kf1 Bxc4 29. Bxc4 Kf8 30. Ke2 Ke7 31. g3 Kd6 32. Bd3 Kd5 1/2-1/2

[Event "España ch sub-14 2012"]
[Site "Salobreña ESP"]
[Date "2012.07.12"]
[Round "6.5"]
[White "Perez Garcia, Alejandro"]
[Black "Cortes Cabeza, Cameron"]
[Result "1/2-1/2"]
[WhiteElo "1902"]
[BlackElo "1633"]
[PlyCount "110"]
[EventDate "2012.07.09"]
[EventType "swiss"]
[EventRounds "9"]
[EventCountry "ESP"]
[Source "lmi"]
[SourceDate "2012.07.09"]

1. c4 Nf6 2. Nc3 g6 3. g3 Bg7 4. Bg2 O-O 5. e4 d6 6. Nge2 c5 7. O-O Nc6 8. d3
Bg4 9. f3 Bd7 10. Be3 Qc8 11. Qd2 Bh3 12. Bxh3 Qxh3 13. Nf4 Qd7 14. Nfd5 Nxd5
15. Nxd5 e6 16. Nc3 Nd4 17. Ne2 Nxe2+ 18. Qxe2 b5 19. Rfd1 bxc4 20. dxc4 Rab8
21. Bxc5 Rxb2 22. Qd3 Rd8 23. Qxd6 Qxd6 24. Bxd6 Rc2 25. e5 Rxc4 26. Rdc1 Rdc8
27. Rxc4 Rxc4 28. Rb1 Rc8 29. Rb7 Ra8 30. a4 Bf8 31. Bxf8 Kxf8 32. a5 a6 33. f4
Rc8 34. Rb6 Ra8 35. Kf2 Ra7 36. g4 Ke7 37. g5 Kd7 38. Ke3 Kc7 39. Kd4 Kd7 40.
Rb8 Kc6 41. Rh8 Kb5 42. Rxh7 Rd7+ 43. Kc3 Kxa5 44. h4 Kb5 45. h5 Rc7+ 46. Kb2
gxh5 47. g6 Rc8 48. gxf7 Kc5 49. Rxh5 Rf8 50. Rh6 Rxf7 51. Rxe6 Rxf4 52. Rxa6
Re4 53. Ra5+ Kd4 54. Ra4+ Kxe5 55. Rxe4+ Kxe4 1/2-1/2

[Event "España ch sub-14 2012"]
[Site "Salobreña ESP"]
[Date "2012.07.12"]
[Round "6.6"]
[White "Alvarez Nistal, David"]
[Black "Balbuena Fuentes, Mario"]
[Result "1-0"]
[WhiteElo "1861"]
[BlackElo "1899"]
[PlyCount "95"]
[EventDate "2012.07.09"]
[EventType "swiss"]
[EventRounds "9"]
[EventCountry "ESP"]
[Source "lmi"]
[SourceDate "2012.07.09"]

1. e4 e6 2. d4 d5 3. Nd2 Nf6 4. e5 Nfd7 5. Bd3 c5 6. c3 Nc6 7. Ne2 cxd4 8. cxd4
f6 9. exf6 Nxf6 10. O-O Bd6 11. Nf3 O-O 12. Bf4 Bxf4 13. Nxf4 Ne4 14. g3 Qf6
15. h4 g5 16. Bxe4 gxf4 17. Bc2 Ne7 18. Qd3 Qg7 19. Kh2 fxg3+ 20. fxg3 Bd7 21.
Rae1 h6 22. Ne5 Be8 23. Rxf8+ Kxf8 24. Rf1+ Kg8 25. Rf4 h5 26. g4 Nc6 27. Nxc6
Bxc6 28. Qf3 e5 29. Rf5 Rf8 30. Rxf8+ Qxf8 31. Qxf8+ Kxf8 32. dxe5 hxg4 33. Bf5
d4 34. Kg3 Bb5 35. Bxg4 Ke7 36. Kf4 Bd3 37. Bf3 Bb1 38. Bxb7 d3 39. Ke3 Ke6 40.
a3 Kxe5 41. Ba6 d2 42. Kxd2 Kf4 43. h5 Kg5 44. Be2 Be4 45. Kc3 a5 46. Kd4 Bc2
47. Kc5 a4 48. Kb4 1-0

[Event "España ch sub-14 2012"]
[Site "Salobreña ESP"]
[Date "2012.07.12"]
[Round "6.7"]
[White "Fernandez Gil, Ruben Carlos"]
[Black "Fernandez Cano, Victor"]
[Result "1-0"]
[WhiteElo "1899"]
[BlackElo "1839"]
[PlyCount "122"]
[EventDate "2012.07.09"]
[EventType "swiss"]
[EventRounds "9"]
[EventCountry "ESP"]
[Source "lmi"]
[SourceDate "2012.07.09"]

1. e4 c5 2. Nf3 Nc6 3. d4 cxd4 4. Nxd4 Nf6 5. Nc3 g6 6. Be3 Bg7 7. Bc4 O-O 8.
Bb3 a5 9. a4 Ng4 10. Nxc6 Nxe3 11. Nxd8 Nxd1 12. Rxd1 Bxc3+ 13. bxc3 Rxd8 14.
Rd4 d6 15. Ke2 Be6 16. Rhd1 Rdc8 17. R1d3 Rc5 18. Bd5 Rb8 19. c4 Bd7 20. e5 Bf5
21. Rc3 dxe5 22. Rh4 Bd7 23. g4 Kg7 24. g5 f5 25. Rch3 Rh8 26. Rb3 Bc6 27. Bxc6
bxc6 28. Rb7 Kf7 29. Kd3 Ke6 30. f4 exf4 31. Kd4 Kd6 32. Rxe7 Rxc4+ 33. Kxc4
Kxe7 34. Kc5 Kd7 35. Rxf4 Re8 36. Rd4+ Kc7 37. Rh4 Re5+ 38. Kd4 Rd5+ 39. Kc4
Kb6 40. Rxh7 f4 41. Rf7 Rxg5 42. Rxf4 Rg2 43. c3 Ra2 44. Kb3 Rxh2 45. Rg4 Rh6
46. Rg5 Ka6 47. Ka3 Kb7 48. Kb3 Kc7 49. Rxa5 Rh5 50. Ra7+ Kb6 51. Rg7 Rg5 52.
Kb4 Rg4+ 53. Kb3 Kc5 54. Rb7 Rg1 55. Kb2 Kc4 56. Rb4+ Kd5 57. a5 c5 58. Rb8 Kc4
59. a6 Rg2+ 60. Ka1 Rg1+ 61. Rb1 Kd5 1-0

[Event "España ch sub-14 2012"]
[Site "Salobreña ESP"]
[Date "2012.07.12"]
[Round "6.8"]
[White "Jane Besora, Jordi"]
[Black "Santos Ruiz, Miguel"]
[Result "1-0"]
[WhiteElo "1814"]
[BlackElo "2106"]
[PlyCount "79"]
[EventDate "2012.07.09"]
[EventType "swiss"]
[EventRounds "9"]
[EventCountry "ESP"]
[Source "lmi"]
[SourceDate "2012.07.09"]

1. d4 Nf6 2. c4 c5 3. d5 b5 4. Qc2 bxc4 5. e4 e6 6. Bxc4 exd5 7. exd5 d6 8. Nc3
Be7 9. h3 O-O 10. Nf3 Nbd7 11. O-O Nb6 12. b3 Bb7 13. Rd1 Ne8 14. Bb2 Nc7 15.
Rab1 h6 16. Qf5 Nxc4 17. bxc4 Ba6 18. Qd3 Qd7 19. a4 Bf6 20. Nb5 Bxb2 21. Rxb2
Bc8 22. Re2 Nxb5 23. axb5 a6 24. b6 Qb7 25. Rb1 a5 26. Nh4 Ra6 27. Reb2 a4 28.
Nf5 Bxf5 29. Qxf5 Rfa8 30. Qd3 a3 31. Ra2 Rxb6 32. Rxb6 Qxb6 33. Rxa3 Re8 34.
Ra2 Qc7 35. Re2 Ra8 36. Kh2 Qd8 37. Re3 Qf6 38. Rf3 Qe5+ 39. g3 Ra1 40. Re3 1-0

[Event "España ch sub-14 2012"]
[Site "Salobreña ESP"]
[Date "2012.07.12"]
[Round "6.9"]
[White "Garriga Cazorla, Pere"]
[Black "Plazuelo Pascual, Juan"]
[Result "1-0"]
[WhiteElo "2056"]
[BlackElo "1703"]
[PlyCount "68"]
[EventDate "2012.07.09"]
[EventType "swiss"]
[EventRounds "9"]
[EventCountry "ESP"]
[Source "lmi"]
[SourceDate "2012.07.09"]

1. Nf3 Nf6 2. g3 g6 3. Bg2 Bg7 4. O-O O-O 5. d4 d6 6. b3 c5 7. Bb2 Nc6 8. d5
Na5 9. c4 a6 10. Nbd2 b5 11. Qc2 Rb8 12. Bc3 Bd7 13. e4 Qc7 14. Rfe1 Ne8 15.
Rac1 bxc4 16. bxc4 Bxc3 17. Qxc3 Rb4 18. Rb1 Rxb1 19. Rxb1 Nf6 20. e5 dxe5 21.
Nxe5 Bf5 22. Rb2 Nb7 23. h3 Nd6 24. Nc6 Re8 25. Qe3 Nb7 26. Nf3 Be4 27. Qa3 Ra8
28. Bf1 e6 29. Qc3 Ne8 30. Re2 exd5 31. cxd5 f5 32. Ng5 Ned6 33. f3 Nb5 34. Qf6
Bd3 1-0

[Event "España ch sub-14 2012"]
[Site "Salobreña ESP"]
[Date "2012.07.12"]
[Round "6.10"]
[White "Gonzalez Capacete, Jose Miguel"]
[Black "Ponce Cano, Adrian"]
[Result "1/2-1/2"]
[WhiteElo "1781"]
[BlackElo "1995"]
[PlyCount "86"]
[EventDate "2012.07.09"]
[EventType "swiss"]
[EventRounds "9"]
[EventCountry "ESP"]
[Source "lmi"]
[SourceDate "2012.07.09"]

1. e4 c5 2. Nf3 Nc6 3. d4 cxd4 4. Nxd4 e5 5. Nb5 a6 6. Nd6+ Bxd6 7. Qxd6 Qf6 8.
Qc7 Qe7 9. Nc3 Nb4 10. Bd3 d5 11. Qb6 d4 12. Na4 h6 13. Nc5 Nxd3+ 14. cxd3 Nf6
15. O-O O-O 16. f4 Bg4 17. fxe5 Qxe5 18. Bxh6 Rfc8 19. Nxb7 Rc2 20. Bf4 Qh5 21.
Qxd4 Rac8 22. Rac1 Qh4 23. Rxc2 Rxc2 24. e5 Nd7 25. Bg3 Qh5 26. Nd6 Be6 27. Ne4
Qe2 28. Bf2 Rxb2 29. Rc1 Rc2 30. Re1 Qg4 31. a4 Qh5 32. Ng3 Qg5 33. Be3 Qxe5
34. Qxe5 Nxe5 35. d4 Ng4 36. h3 Nxe3 37. Rxe3 Ra2 38. Rd3 Bd5 39. Nf5 Rxg2+ 40.
Kf1 Bc4 41. Kxg2 Bxd3 42. Nd6 Kf8 43. Kf3 Ke7 1/2-1/2

[Event "España ch sub-14 2012"]
[Site "Salobreña ESP"]
[Date "2012.07.12"]
[Round "6.11"]
[White "Portela Peleteiro, Alberto"]
[Black "Zhynguel Ramirez De Verger, Ale"]
[Result "1-0"]
[WhiteElo "1927"]
[BlackElo "1650"]
[PlyCount "47"]
[EventDate "2012.07.09"]
[EventType "swiss"]
[EventRounds "9"]
[EventCountry "ESP"]
[Source "lmi"]
[SourceDate "2012.07.09"]

1. e4 c5 2. Nc3 Nc6 3. f4 d6 4. Nf3 g6 5. Bc4 Bg7 6. O-O Nf6 7. Qe1 O-O 8. d3
e6 9. f5 Ne5 10. Nxe5 dxe5 11. Qh4 exf5 12. Bg5 Qd4+ 13. Kh1 Ne8 14. Rf3 fxe4
15. Nxe4 Be6 16. Bxe6 fxe6 17. Rxf8+ Bxf8 18. Rf1 Bg7 19. Be7 h6 20. Bxc5 Qxb2
21. Qf2 Qxa2 22. Bf8 Rc8 23. Qf7+ Kh7 24. Nf6+ 1-0

[Event "España ch sub-14 2012"]
[Site "Salobreña ESP"]
[Date "2012.07.12"]
[Round "6.12"]
[White "Gomez Dieguez, Adrian"]
[Black "Medina Masdeu, Rasen"]
[Result "0-1"]
[WhiteElo "1801"]
[BlackElo "1923"]
[PlyCount "88"]
[EventDate "2012.07.09"]
[EventType "swiss"]
[EventRounds "9"]
[EventCountry "ESP"]
[Source "lmi"]
[SourceDate "2012.07.09"]

1. e4 c5 2. Nf3 g6 3. Nc3 Bg7 4. d4 cxd4 5. Nxd4 Nc6 6. Nde2 Nf6 7. g3 O-O 8.
Bg2 d6 9. O-O Bd7 10. a4 Rc8 11. Nd5 Nxd5 12. exd5 Na5 13. Ra2 Qc7 14. b3 b6
15. c4 Nb7 16. Be3 Nc5 17. Bd4 h5 18. Re1 Rce8 19. Bxg7 Kxg7 20. Nd4 Na6 21.
Rae2 Bc8 22. Nc6 e5 23. dxe6 Rxe6 24. Bd5 Rxe2 25. Rxe2 Be6 26. Qd4+ Kh7 27.
Qf6 Re8 28. Nd4 Nc5 29. b4 Nd7 30. Qf4 Ne5 31. Nb5 Qd7 32. Nxd6 Qxd6 33. Qxe5
Qxb4 34. h4 Qxa4 35. Kh2 Qd1 36. Re1 Qd2 37. Re2 Qd3 38. Be4 Qxc4 39. Qxh5+ Kg7
40. Qf3 Qb3 41. Qf4 Qb5 42. Bf3 Rd8 43. h5 Qf5 44. Qc7 Qh3+ 0-1

[Event "España ch sub-14 2012"]
[Site "Salobreña ESP"]
[Date "2012.07.12"]
[Round "6.13"]
[White "Lopez Rivera, Jesus"]
[Black "Salagran Ferragut, Guillem"]
[Result "1-0"]
[WhiteElo "1800"]
[BlackElo "1899"]
[PlyCount "75"]
[EventDate "2012.07.09"]
[EventType "swiss"]
[EventRounds "9"]
[EventCountry "ESP"]
[Source "lmi"]
[SourceDate "2012.07.09"]

1. e4 c5 2. Ne2 Nc6 3. Nbc3 d6 4. d4 cxd4 5. Nxd4 e5 6. Nf5 Bxf5 7. exf5 Nf6 8.
Bg5 Be7 9. Bxf6 Bxf6 10. Bc4 O-O 11. Bd5 Ne7 12. Be4 Qb6 13. Qd3 Rac8 14. O-O-O
Rfd8 15. Nd5 Nxd5 16. Qxd5 Rd7 17. Kb1 Rc5 18. Qb3 Rb5 19. Qa3 d5 20. c4 Ra5
21. Qb3 Qxb3 22. axb3 d4 23. Kc2 Rc5 24. Ra1 a6 25. Kd3 Rdc7 26. Rhc1 a5 27.
Ra4 Be7 28. Rca1 b5 29. Rxa5 bxc4+ 30. bxc4 Rxc4 31. Rxe5 g6 32. Bd5 R4c5 33.
Ra6 Bf8 34. fxg6 hxg6 35. Rxg6+ Kh7 36. Rg4 Bh6 37. Be4+ Kh8 38. Re8+ 1-0

[Event "España ch sub-14 2012"]
[Site "Salobreña ESP"]
[Date "2012.07.12"]
[Round "6.14"]
[White "Ortega Lopez, Mikel"]
[Black "Garcia Porlan, Beatriz"]
[Result "1-0"]
[WhiteElo "1897"]
[BlackElo "1787"]
[PlyCount "166"]
[EventDate "2012.07.09"]
[EventType "swiss"]
[EventRounds "9"]
[EventCountry "ESP"]
[Source "lmi"]
[SourceDate "2012.07.09"]

1. e4 e5 2. Nf3 Nc6 3. Bb5 a6 4. Ba4 Nf6 5. O-O Be7 6. Re1 b5 7. Bb3 d6 8. c3
O-O 9. h3 Na5 10. Bc2 c5 11. d4 Qc7 12. Nbd2 Be6 13. d5 Bd7 14. Nf1 b4 15. Ng3
bxc3 16. bxc3 Rfb8 17. Nh2 Nc4 18. Bb3 Na5 19. Bc2 c4 20. Nhf1 Nb7 21. Ne3 Rc8
22. Qe2 Rab8 23. Rf1 Nc5 24. Nef5 Bf8 25. Bg5 Ne8 26. Rab1 Qa5 27. Qd2 Rxb1 28.
Bxb1 Na4 29. Rc1 Rb8 30. Qe1 Rb2 31. Bd2 Nc7 32. Ne3 Qb5 33. Ngf1 a5 34. Nc2
Nc5 35. Nce3 Be7 36. Qd1 Na4 37. Be1 Bg5 38. Bc2 Rxa2 39. Bxa4 Qxa4 40. Qxa4
Bxa4 41. Rb1 Ne8 42. Nxc4 g6 43. Bd2 Be7 44. Rb7 Bf8 45. Nb6 Bc2 46. Nd7 f6 47.
Nxf8 Kxf8 48. Bh6+ Kg8 49. Re7 Ba4 50. Ne3 Ra1+ 51. Kh2 Rb1 52. Nc4 Rb3 53.
Nxa5 Rxc3 54. Nc6 Bxc6 55. dxc6 Rxc6 56. Rxe8+ Kf7 57. Rf8+ Ke6 58. Rh8 Rc7 59.
Be3 Rb7 60. h4 f5 61. exf5+ gxf5 62. Bg5 Rf7 63. h5 Rg7 64. Bh4 f4 65. h6 Rf7
66. Rg8 d5 67. Rg7 d4 68. Kg1 Rd7 69. Kf1 d3 70. Ke1 e4 71. Rxd7 Kxd7 72. Bg5
Ke6 73. Bxf4 Kf5 74. Bc1 Kg4 75. Kd2 Kf4 76. Bb2 Kg5 77. Ke3 Kxh6 78. Bc1 Kg6
79. Kxe4 Kf6 80. Kxd3 Kf5 81. f3 h5 82. Ke2 Ke5 83. Kf2 Kd5 1-0

[Event "España ch sub-14 2012"]
[Site "Salobreña ESP"]
[Date "2012.07.12"]
[Round "6.15"]
[White "Villemur Tamarit, Juan"]
[Black "Domingo Nunez, Ruben"]
[Result "0-1"]
[WhiteElo "1741"]
[BlackElo "1887"]
[PlyCount "140"]
[EventDate "2012.07.09"]
[EventType "swiss"]
[EventRounds "9"]
[EventCountry "ESP"]
[Source "lmi"]
[SourceDate "2012.07.09"]

1. d4 Nf6 2. Nf3 g6 3. Bf4 Bg7 4. e3 d6 5. h3 O-O 6. c4 c5 7. Nc3 cxd4 8. exd4
Nbd7 9. Be2 Re8 10. O-O b6 11. Rb1 Bb7 12. Re1 Ne4 13. Qc2 Ndf6 14. Rbd1 Rc8
15. a3 Nxc3 16. bxc3 Bxf3 17. Bxf3 Rxc4 18. Re3 Rc8 19. Rde1 Qd7 20. Qb3 e6 21.
a4 d5 22. Be2 Red8 23. Ba6 Ra8 24. Ra1 Bf8 25. a5 Bd6 26. Bg5 Kg7 27. Rf3 Ne4
28. Bxd8 Qxd8 29. Qb5 Qc7 30. Qb2 Rb8 31. Be2 b5 32. a6 b4 33. cxb4 Rxb4 34.
Qc1 Qb6 35. g3 Qxd4 36. Kg2 Be5 37. Rb1 Rxb1 38. Qxb1 Nd2 39. Qd1 Nxf3 40. Bxf3
Qb6 41. Qe2 Bd4 42. Qd2 Bf6 43. Qd3 Bd4 44. Qd2 f6 45. Qe2 Qd6 46. Qd3 Bb6 47.
Qd2 d4 48. Qd3 f5 49. Bb7 Qc5 50. Bf3 e5 51. Bd1 e4 52. Qd2 Kf6 53. h4 Qd6 54.
Bb3 Kg7 55. h5 Kf6 56. Qh6 Qc7 57. hxg6 hxg6 58. Qh4+ Kg7 59. Qg5 d3 60. Qd2
Qe5 61. Ba2 Qd4 62. Bb1 Kh7 63. Qa2 Kh6 64. Qd2+ Kh7 65. Qa2 d2 66. Qf7+ Kh6
67. Qf8+ Kh5 68. Bc2 Qxf2+ 69. Kh3 Qf1+ 70. Kh2 Qg1+ 0-1

[Event "España ch sub-14 2012"]
[Site "Salobreña ESP"]
[Date "2012.07.12"]
[Round "6.16"]
[White "Ribera Cebolla, Marc"]
[Black "Goni Navarro, Pablo"]
[Result "0-1"]
[WhiteElo "1883"]
[BlackElo "1666"]
[PlyCount "107"]
[EventDate "2012.07.09"]
[EventType "swiss"]
[EventRounds "9"]
[EventCountry "ESP"]
[Source "lmi"]
[SourceDate "2012.07.09"]

1. e4 c5 2. Nf3 d6 3. d4 Nf6 4. Nc3 cxd4 5. Nxd4 a6 6. Be3 e5 7. Nb3 Be6 8. f3
h5 9. Qd2 Nbd7 10. O-O-O Rc8 11. Kb1 Be7 12. Qf2 b5 13. Nd5 Nxd5 14. exd5 Bf5
15. Bd3 Bxd3 16. Rxd3 Bg5 17. Qg3 Bxe3 18. Qxg7 Qf6 19. Qxf6 Nxf6 20. Rxe3 h4
21. Rd1 Rg8 22. Re2 Nh5 23. Rd4 Rc4 24. Rxc4 bxc4 25. Na5 Nf4 26. Rd2 c3 27.
bxc3 Nxg2 28. Nc4 Ke7 29. Rd1 Rc8 30. Na5 Rxc3 31. Nc6+ Kf6 32. Nb4 a5 33. Nd3
Ne3 34. Rd2 Nxd5 35. Nf2 Ke6 36. Ne4 Rc6 37. Ng5+ Kf6 38. Ne4+ Ke6 39. Ng5+ Kf6
40. Nh7+ Kg7 41. Rxd5 Kxh7 42. Rxa5 Kg6 43. Kb2 f5 44. Ra8 Kg5 45. a4 Kf4 46.
Rf8 d5 47. c3 e4 48. fxe4 dxe4 49. Kc2 e3 50. Re8 Kf3 51. Kd3 Rd6+ 52. Kc4 e2
53. Kc5 Re6 54. Kd4 0-1

[Event "España ch sub-14 2012"]
[Site "Salobreña ESP"]
[Date "2012.07.12"]
[Round "6.17"]
[White "Laiz Ibanez, Hector"]
[Black "Marquez Marvizon, Alejandra"]
[Result "1-0"]
[WhiteElo "1838"]
[BlackElo "1622"]
[PlyCount "59"]
[EventDate "2012.07.09"]
[EventType "swiss"]
[EventRounds "9"]
[EventCountry "ESP"]
[Source "lmi"]
[SourceDate "2012.07.09"]

1. e4 e6 2. d4 d5 3. Nc3 Bb4 4. e5 c5 5. a3 Bxc3+ 6. bxc3 Ne7 7. Qg4 Qc7 8. Ra2
cxd4 9. cxd4 Nf5 10. Nf3 Qa5+ 11. Kd1 Nc6 12. Bd3 Nce7 13. Bd2 Qb6 14. c3 Qb3+
15. Rc2 Qxa3 16. Ke2 Ng6 17. h4 Qf8 18. h5 Nge7 19. Qh3 Bd7 20. g4 Nh6 21. Rb2
Rb8 22. Ng5 f5 23. exf6 gxf6 24. Nxh7 Qg7 25. Nxf6+ Qxf6 26. g5 Qf8 27. gxh6
Ng8 28. Qg3 Ke7 29. c4 Qc8 30. Qg7+ 1-0